000 00324nam a2200145Ia 4500
008 210210b1950 xxu||||| |||| 00| 0 eng d
041 _aeng
082 _a874/14
100 _aGEORGE (K M)
245 _aMundiricharu
260 _a
_b-
_c1950
650 _aMundiricharu
690 _aMalayalam Criticism
906 _a002606
999 _c124576
_d124576